Najstarsze miasta świata - Statystyki

Ogólne statystyki
  • Ten quiz został rozwiązany 133 razy
  • Średni wynik to 3 z 10
Statystyki odpowiedzi
Panstwo Lata Odpowiedź % Poprawnych
Syria 4300 r. p.n.e. Damaszek
77%
Liban 3000 r. p.n.e. Bejrut
61%
Palestyna/Izrael 11 000 r. p.n.e Jerycho
49%
Syria 4300 r. p.n.e. Aleppo
33%
Bułgaria 4000 r. p.n.e Płowdiw
19%
Liban 4000 r. p.n.e. Sydon
8%
Turcja 3650 r. p.n.e Gaziantep
6%
Liban 5000 r. p.n.e. Byblos
5%
Iran 4200 r. p.n.e. Suza
5%
Egipt 4000 r. p.n.e. Fajum
2%
Nie znaleziono quizów pasujących do podanych kryteriów
Rozkład punktacji
Procent ludzi z każdym wynikiem
Percentyl według liczby udzielonych odpowiedzi
Twoja historia wyników
Nie rozwiązałeś tego quizu